000 00275nam a2200109Ia 4500
008 171211s9999 xx 000 0 und d
245 _aMeisterspiele
245 _cRudolf Teschner
260 _c1995
650 _xGAMES
856 _uhttp://down.ebook777.com/051/3283002894.pdf
999 _c348974
_d348974